000 00323nam a2200121Ia 4500
008 210430s9999 xx 000 0 und d
082 _a297 K461I
100 _aInayat Kibriya
_9129433
245 _aInqalab e Payham /
_cInayat Kibriya
260 _aRawalpindi
_bDaira Publications
_c1981
300 _a303
942 _cBK
_2ddc
999 _c565235
_d565235